skbl

Dr Suryya Kumar Bhuyan Library Web-OPAC
ডঃ সূৰ্য্য
কুমাৰ ভূঞা পুথিভঁৰাল ৱেব-অ'পেক

All Research Scholars are advised to clear the annual library fees to continue using Library Resources, Remote Access, Plagiarism Test and Library Clearance.

Cotton University Book Fair 2026

Econometrics / (Record no. 3440)

MARC details
000 -LEADER
fixed length control field 00796nam a2200253Ia 4500
001 - CONTROL NUMBER
control field 3452
008 - FIXED-LENGTH DATA ELEMENTS--GENERAL INFORMATION
fixed length control field 170829s1987 ii a g b000 u 465 u
020 ## - INTERNATIONAL STANDARD BOOK NUMBER
International Standard Book Number 0-07-Y66223-1
082 ## - DEWEY DECIMAL CLASSIFICATION NUMBER
Classification number 330.51
100 ## - MAIN ENTRY--PERSONAL NAME
Personal name Chow, Gregory C..
245 #0 - TITLE STATEMENT
Title Econometrics /
Statement of responsibility, etc. Gregory C. Chow.
Medium Textual Documents
250 ## - EDITION STATEMENT
Edition statement 3rd ed. /
260 ## - PUBLICATION, DISTRIBUTION, ETC.
Place of publication, distribution, etc. New York :
Name of publisher, distributor, etc. McGraw - Hill book company ,
Date of publication, distribution, etc. 1987.
300 ## - PHYSICAL DESCRIPTION
Extent 432p. :
Other physical details ill ;
Dimensions 21cm .
500 ## - GENERAL NOTE
General note This Book is not Available Due to Unnatural Death of Late Biswarupa sarma(Lect Dept of Eco).She is Exempted according to Library Comitee.
504 ## - BIBLIOGRAPHY, ETC. NOTE
Bibliography, etc. note Index
653 ## - INDEX TERM--UNCONTROLLED
Uncontrolled term Economics
653 ## - INDEX TERM--UNCONTROLLED
Uncontrolled term Mathematical Economics
653 ## - INDEX TERM--UNCONTROLLED
Uncontrolled term Economics-Mathematics
653 ## - INDEX TERM--UNCONTROLLED
Uncontrolled term Econometrics
653 ## - INDEX TERM--UNCONTROLLED
Uncontrolled term G-Economics
653 ## - INDEX TERM--UNCONTROLLED
Uncontrolled term MS-Economics
942 ## - ADDED ENTRY ELEMENTS (KOHA)
Source of classification or shelving scheme Dewey Decimal Classification
Koha item type Books
Holdings
Withdrawn status Lost status Damaged status Not for loan Home library Current library Date acquired Coded location qualifier Total checkouts Full call number Barcode Date last seen Copy number Price effective from Koha item type
        Dr. Suryya Kumar Bhuyan Library Dr. Suryya Kumar Bhuyan Library 01/02/2012 00000   330.51 Ch 459 Ec 178/Eco 13/01/2024 1 01/02/2012 Books
        Dr. Suryya Kumar Bhuyan Library Dr. Suryya Kumar Bhuyan Library 01/02/2012 00000   330.51 Ch 459 Ec 064/Stat 13/01/2024 3 01/02/2012 Books
        Dr. Suryya Kumar Bhuyan Library Dr. Suryya Kumar Bhuyan Library 01/02/2012 00000   330.51 Ch 459 Ec 094/Eco 13/01/2024 2 01/02/2012 Books

Designed and Maintained by Team SKBL
©1901-2026

Powered by Koha